| 000 | 00538nam a22001817a 4500 | ||
|---|---|---|---|
| 008 | 230605b |||||||| |||| 00| 0 eng d | ||
| 020 | _a92-4-154534-8 | ||
| 040 |
_aNational Science Library _cNational Science Library |
||
| 080 |
_a616-006.001.3(100) _bP0 |
||
| 245 | _aInternational classification of diseases for oncology | ||
| 250 | _a3rd ed. | ||
| 260 |
_aGeneva: _bWorld Health Organization, _c2000 |
||
| 300 | _avii, 240p. | ||
| 650 | _aDisease | ||
| 653 | _aNeoplasm code | ||
| 700 | _aFritz, April (Ed.) | ||
| 942 |
_2udc _cBK |
||
| 999 |
_c38993 _d38993 |
||